Normal view
MARC view
- English language -- History -- Outlines, syllabi, etc
Entry Topical Term
001 - CONTROL NUMBER
- control field: 5420
003 - CONTROL NUMBER IDENTIFIER
- control field: JO-AjAnu
005 - DATE AND TIME OF LATEST TRANSACTION
- control field: 20230606071200.0
008 - FIXED-LENGTH DATA ELEMENTS
- fixed length control field: 230606|| aca||aabn | a|a d
040 ## - CATALOGING SOURCE
- Original cataloging agency: JO-AjAnu
- Transcribing agency: JO-AjAnu
150 ## - HEADING--TOPICAL TERM
- Topical term or geographic name entry element: English language -- History -- Outlines, syllabi, etc
670 ## - SOURCE DATA FOUND
- Source citation: Work cat.: (JO-AjAnu)2796: Algeo, John, author 5419, Problems in the Origins and Development of the English Language.